|
|
|
|
| LEADER |
01086nam a22002892a 4500 |
| 001 |
000158716 |
| 003 |
CZ BrMZK |
| 005 |
20141112140008.0 |
| 007 |
ta |
| 008 |
950101s1958 xr af f 000 0 cze d |
| 015 |
|
|
|a cnb000141402
|
| 035 |
|
|
|a (OCoLC)42170489
|
| 040 |
|
|
|a ABA001
|b cze
|c ABA001
|d ABA001
|d BOA001
|
| 041 |
1 |
|
|a cze
|h eng
|
| 100 |
1 |
|
|a Grahame, Kenneth,
|d 1859-1932
|7 jn19990002827
|4 aut
|
| 245 |
1 |
0 |
|a Žabákova dobrodružství /
|c Kenneth Grahame ; ilustroval Josef Čapek
|
| 250 |
|
|
|a 3. (v SNDK 1.) vyd.
|
| 260 |
|
|
|a Praha :
|b Státní nakladatelství dětské knihy,
|c 1958
|
| 300 |
|
|
|a 145 s., obr. příl. :
|b il.
|
| 500 |
|
|
|a Přeloženo z angličtiny
|
| 521 |
8 |
|
|a Pro čtenáře od 9 let
|
| 700 |
1 |
|
|a Čapek, Josef,
|d 1887-1945
|7 jk01021020
|4 ill
|
| 765 |
0 |
|
|t Wind in the willows
|9 Česky
|
| 856 |
4 |
1 |
|u http://www.digitalniknihovna.cz/mzk/uuid/uuid:04813c00-e00a-11e3-b110-005056827e51
|y Digitalizovaný dokument
|x NDK
|
| 910 |
|
|
|a BOA001
|b 2-0393.929
|
| 990 |
|
|
|a BK
|
| 996 |
6 |
|
|b 2619864553
|c 2-0393.929
|l MZK
|r Sklad / do 24 hodin
|n 3
|w 000158716
|u 000010
|a 1
|e BOA001
|j MZK50
|s P
|